| 000 | 01245 am a2200289 a 4500 | ||
|---|---|---|---|
| 001 | 012039011 | ||
| 003 | Uk | ||
| 005 | 20131008152230.0 | ||
| 008 | 900307s1989 enk 001 0 eng | ||
| 020 | _a1853830666 (pbk) : | ||
| 020 | _a9781853830662 | ||
| 082 | 0 | 4 |
_a338.4762850941 _220 _bPEA |
| 100 | 1 |
_aPearce, David W. _q(David William) _933940 |
|
| 245 | 1 | 0 |
_aBlueprint for a green economy / _ca report by David Pearce, Anil Markandya, Edward B. Barbier for the UK Department of the Environment. |
| 260 |
_aLondon : _bEarthscan, _c1989. |
||
| 300 |
_axvi, 192 p. ; _c20 cm. |
||
| 500 | _aAlso published as: Sustainable development : the implications of sustainable development for resource accounting, project appraisal and integrative environmental policy. London : London Environmental Economics Centre, 1989. | ||
| 650 | 0 |
_aEconomic development _xEnvironmental aspects. _933941 |
|
| 650 | 0 |
_aEnvironmental impact charges. _933942 |
|
| 650 | 0 |
_aEnvironmental policy. _933943 |
|
| 653 |
_bBus _cOctober2013 |
||
| 690 | 7 |
_aManagement and Business Studies _2blcoll |
|
| 700 | 1 |
_aBarbier, Edward, _d1957- _933944 |
|
| 700 | 1 |
_aMarkandya, Anil. _933945 |
|
| 710 | 1 |
_aGreat Britain. _bDepartment of the Environment. _933946 |
|
| 942 |
_2ddc _cBB |
||
| 999 |
_c17610 _d17582 |
||